Estadística matemática con aplicaciones

Guardat en:
Dades bibliogràfiques
Autors principals: Wackerly, Dennis D (Autor), Scheaffer, Richard L (Autor)
Altres autors: Mendenhall, William (autor)
Format: Llibre
Idioma:espanyol
Publicat: Ciudad de México International Thomson 2002
Edició:6a. ed
Matèries:
Etiquetes: Afegir etiqueta
Sense etiquetes, Sigues el primer a etiquetar aquest registre!

MARC

LEADER 00000nam a2200000 a 4500
001 UCK8960
003 CL-VaPUC
008 060413e20020000MX |||||||||||||||||spa|d
020 |a 9706861947 
082 0 4 |a 519.5  |b WAC  |2 21 
100 0 |a Wackerly, Dennis D  |e author  |9 498686 
700 |a Mendenhall, William  |e autor  |9 594170 
700 0 |a Scheaffer, Richard L  |e author  |9 498688 
245 1 0 |a Estadística matemática con aplicaciones 
250 |a 6a. ed 
300 |a 853 p 
942 |c BK 
945 |d 20060413 00:00:00  |a cmena 
260 |a Ciudad de México  |b International Thomson  |c 2002 
650 0 |a Estadística matemática  |9 260028 
650 0 |a Teoría de probabilidades   |9 336944 
650 0 |a Funciones (Matemáticas)  |9 338128 
650 0 |a Modelos matemáticos   |9 259437 
650 0 |a Programación lineal   |9 23 
583 |a last modification  |c 20060413 00:00:00  |k Rodrigo Vera 
999 |c 316330  |d 316328 
952 |0 0  |1 0  |4 0  |6 519_500000000000000_WAC_2002  |7 0  |8 A  |9 390629  |a BIBGIM  |b BIBGIM  |d 2019-11-22  |i 4221494  |o 519.5 WAC 2002  |p 4221494  |r 2025-01-15  |w 2019-11-22  |y BK  |k EST 
952 |0 0  |1 0  |4 0  |6 519_500000000000000_WAC_2002  |7 0  |8 A  |9 390630  |a BIBGIM  |b BIBGIM  |d 2019-11-22  |i 4221508  |o 519.5 WAC 2002  |p 4221508  |r 2025-01-15  |w 2019-11-22  |y BK  |k EST 
952 |0 0  |1 0  |4 0  |6 519_500000000000000_WAC_2002  |7 0  |8 A  |9 390631  |a BIBGIM  |b BIBGIM  |d 2019-11-22  |i 4221516  |o 519.5 WAC 2002  |p 4221516  |r 2025-01-15  |w 2019-11-22  |y BK  |k EST